Markets (Record no. 82407)

MARC details
000 -LEADER
fixed length control field 01144cam a22002295a 4500
001 - CONTROL NUMBER
control field L150121
008 - FIXED-LENGTH DATA ELEMENTS--GENERAL INFORMATION
fixed length control field 100604e2010 xxk 000 0 eng d
035 ## - SYSTEM CONTROL NUMBER
System control number (Sirsi) u150121
041 0# - LANGUAGE CODE
Language code of text/sound track or separate title eng
100 1# - MAIN ENTRY--PERSONAL NAME
Personal name Eade, Christine
245 00 - TITLE STATEMENT
Title Markets
Remainder of title East of England
260 ## - PUBLICATION, DISTRIBUTION, ETC.
Date of publication, distribution, etc. 2010
490 #0 - SERIES STATEMENT
Series statement Property Week
Volume/sequential designation 76(21) 28 May 2010, 43-52(5)
520 ## - SUMMARY, ETC.
Summary, etc. Cambridge's retail market faces falling rents, some prime zone A rents 40% lower than at their 2008 peak. Cambridge Science Park celeb rates its 49th anniversary. Papworth Hospital's move to the Cambridge Biomedical Campus needs reconfirming after change of government. Aviva consolidates its Norwich property portfolio into its Broadland Business Park HQ. ATB Laurence Scott, the electrical motor manufacturer, will remain in Norwich city centre with the £5m purchase of the former Gothic Works site. £25m Peterborough Garden Park to be officially opened on 8 July 2010.
590 ## - LOCAL NOTE (RLIN)
Local note KA
651 #4 - SUBJECT ADDED ENTRY--GEOGRAPHIC NAME
Geographic name Cambridge
651 #4 - SUBJECT ADDED ENTRY--GEOGRAPHIC NAME
Geographic name Norwich
651 #4 - SUBJECT ADDED ENTRY--GEOGRAPHIC NAME
Geographic name Peterborough
690 ## - LOCAL SUBJECT ADDED ENTRY--TOPICAL TERM (OCLC, RLIN)
Topical term or geographic name as entry element PROPERTY-COMMERCIAL PROPERTY-COMMERCIAL PROPERTY MARKET
700 1# - ADDED ENTRY--PERSONAL NAME
Personal name Aldous, Peter
942 ## - ADDED ENTRY ELEMENTS (KOHA)
Suppress in OPAC 0
Holdings
Withdrawn status Lost status Source of classification or shelving scheme Damaged status Not for loan Home library Current library Shelving location Date acquired Total Checkouts Full call number Barcode Date last seen Copy number Price effective from Koha item type
    Dewey Decimal Classification     London London Journal article 04/06/2010   L150121 150121-1001 06/08/2019 1 06/08/2019 Journal article